[Event "EU-ch Seniors 65 22nd"]
[Site "Acqui Terme"]
[Date "2023.06.02"]
[Round "8"]
[White "Ranki, Martti"]
[Black "Pritchett, Craig William"]
[Result "0-1"]
[WhiteElo "1887"]
[BlackElo "2232"]
[PlyCount "86"]
[EventDate "2023.05.26"]
[EventType "swiss"]
[EventRounds "9"]
[EventCountry "ITA"]
[SourceTitle "CBM 214 Extra"]
[Source "ChessBase"]
[SourceDate "2023.07.31"]
[SourceVersion "1"]
[SourceVersionDate "2023.07.31"]
[SourceQuality "1"]

1. d4 Nf6 2. Nf3 e6 3. g3 b6 4. Bg2 Bb7 5. c4 Bb4+ 6. Bd2 a5 7. 0-0 0-0 8. a3 Bxd2 9. Nbxd2 d6 10. Qc2 Nbd7 11. e4 e5 12. b4 c5 13. dxe5 dxe5 14. bxc5 bxc5 15. Rfe1 Qc7 16. Rab1 Bc6 17. h3 Rfe8 18. Nh2 Nf8 19. Nhf1 Ne6 20. Nf3 Nd4 21. Nxd4 cxd4 22. Qd3 Nd7 23. Nd2 Nc5 24. Qe2 Na4 25. Qd3 Nc5 26. Qe2 Na4 27. Qd3 Qe7 28. Bf3 Nc3 29. Ra1 Rab8 30. Bd1 g6 31. Bc2 h5 32. Nb1 Na4 33. Bxa4 Bxa4 34. Nd2 h4 35. Rab1 hxg3 36. Qxg3 Kg7 37. Rxb8 Rxb8 38. Nf3 Rb3 39. Qxe5+ Qxe5 40. Nxe5 Rxa3 41. Rc1 f6 42. Ng4 d3 43. Ne3 d2 0-1

[Event "EU-ch Seniors 65 22nd"]
[Site "Acqui Terme"]
[Date "2023.05.29"]
[Round "4"]
[White "Hilarius, Sander"]
[Black "Pritchett, Craig William"]
[Result "1/2-1/2"]
[WhiteElo "1899"]
[BlackElo "2232"]
[PlyCount "69"]
[EventDate "2023.05.26"]
[EventType "swiss"]
[EventRounds "9"]
[EventCountry "ITA"]
[SourceTitle "CBM 214 Extra"]
[Source "ChessBase"]
[SourceDate "2023.07.31"]
[SourceVersion "1"]
[SourceVersionDate "2023.07.31"]
[SourceQuality "1"]

1. d4 Nf6 2. c4 e6 3. Nc3 Bb4 4. f3 c5 5. d5 exd5 6. cxd5 d6 7. e4 a6 8. a4 0-0 9. Nge2 Nbd7 10. Ng3 Re8 11. Be2 Ne5 12. 0-0 c4 13. Be3 Bd7 14. Bd4 Rc8 15. Qc2 Bc5 16. Bxc5 Rxc5 17. h3 b5 18. axb5 axb5 19. b4 cxb3 20. Qxb3 Qc7 21. Na2 h5 22. Nb4 Rc3 23. Qb2 h4 24. Nc6 Qb6+ 25. Kh1 Qe3 26. Nxe5 dxe5 27. Nf5 Bxf5 28. exf5 Nh5 29. Rfe1 Ng3+ 30. Kh2 Qf4 31. Kg1 Qd4+ 32. Kh2 Qf4 33. Kg1 Qe3+ 34. Kh2 Qf4 35. Kg1 1/2-1/2

[Event "EU-ch Seniors 65 22nd"]
[Site "Acqui Terme"]
[Date "2023.05.27"]
[Round "2"]
[White "Rodella, Franco"]
[Black "Pritchett, Craig William"]
[Result "1/2-1/2"]
[WhiteElo "2035"]
[BlackElo "2232"]
[PlyCount "91"]
[EventDate "2023.05.26"]
[EventType "swiss"]
[EventRounds "9"]
[EventCountry "ITA"]
[SourceTitle "CBM 214 Extra"]
[Source "ChessBase"]
[SourceDate "2023.07.31"]
[SourceVersion "1"]
[SourceVersionDate "2023.07.31"]
[SourceQuality "1"]

1. d4 Nf6 2. Nf3 b6 3. Bf4 Bb7 4. Nbd2 g6 5. e3 Bg7 6. c3 0-0 7. Bd3 d6 8. 0-0 c5 9. h3 Nc6 10. Qe2 Rc8 11. Ba6 Bxa6 12. Qxa6 Qd7 13. Qd3 cxd4 14. exd4 Nd5 15. Bg3 Na5 16. Rfe1 Rfe8 17. Rad1 b5 18. Qe4 Nf6 19. Qb1 Nc4 20. Nxc4 bxc4 21. Nd2 Qb5 22. Qc2 Nh5 23. Bh2 Bh6 24. Re2 d5 25. Rde1 e6 26. Nf3 Nf4 27. Bxf4 Bxf4 28. g3 Bh6 29. Ne5 Bg7 30. h4 Qb7 31. Qd2 Qe7 32. Qf4 Qf6 33. Qd2 Qe7 34. Ng4 h5 35. Ne5 Bxe5 36. Rxe5 Qf6 37. Qe3 Rb8 38. Re2 Kg7 39. Kg2 Rb5 40. Qc1 Reb8 41. R5e3 R8b6 42. Rc2 Qe7 43. Ree2 a5 44. Kh3 a4 45. a3 Qf6 46. f3 1/2-1/2

[Event "SCO-ch op 127th"]
[Site "Edinburgh"]
[Date "2022.07.05"]
[Round "4"]
[White "Ruxton, Keith"]
[Black "Pritchett, Craig William"]
[Result "1/2-1/2"]
[WhiteElo "2316"]
[BlackElo "2248"]
[PlyCount "98"]
[EventDate "2022.07.02"]
[EventType "swiss"]
[EventRounds "9"]
[EventCountry "SCO"]
[SourceTitle "CBM 209 Extra"]
[Source "ChessBase"]
[SourceDate "2022.09.30"]
[SourceVersion "1"]
[SourceVersionDate "2022.09.30"]
[SourceQuality "1"]

1. Nf3 c5 2. e3 Nf6 3. d4 e6 4. c4 d6 5. Nc3 Nbd7 6. Be2 Be7 7. h3 0-0 8. d5 exd5 9. cxd5 a6 10. a4 Re8 11. e4 Bf8 12. Nd2 g6 13. 0-0 Bg7 14. Qc2 Rb8 15. Nc4 Nb6 16. Na3 Nfd7 17. Bf4 Ne5 18. Bg3 f5 19. exf5 Bxf5 20. Qd2 Qf6 21. Rae1 Nbd7 22. Bf4 h5 23. Be3 Qf8 24. f4 Nf7 25. Bf2 Nf6 26. Bf3 Rxe1 27. Rxe1 Re8 28. Nc4 Rxe1+ 29. Qxe1 Qe8 30. Na5 Qd8 31. Na2 Qd7 32. Nc3 Qd8 33. Nc4 Qe8 34. Qxe8+ Nxe8 35. Be2 Nc7 36. g4 hxg4 37. hxg4 Bc2 38. Nb6 Bb3 39. Bf3 g5 40. fxg5 Nxg5 41. Bg2 Bxc3 42. bxc3 Bd1 43. Bg3 Ne8 44. Bf4 Nf3+ 45. Kf2 Nh4 46. Be4 Bxg4 47. Nc4 Nf5 48. Bxf5 Bxf5 49. Nxd6 Nxd6 1/2-1/2

[Event "SCO-ch 126th"]
[Site "Edinburgh"]
[Date "2019.07.12"]
[Round "7"]
[White "Pritchett, Craig William"]
[Black "Banzea, Alexandru Bogdan"]
[Result "0-1"]
[WhiteElo "2274"]
[BlackElo "2405"]
[PlyCount "80"]
[EventDate "2019.07.06"]
[EventType "swiss"]
[EventRounds "9"]
[EventCountry "SCO"]
[SourceTitle "CBM 191 Extra"]
[Source "ChessBase"]
[SourceDate "2019.09.30"]
[SourceVersion "1"]
[SourceVersionDate "2019.09.30"]
[SourceQuality "1"]

1. Nf3 Nf6 2. c4 g6 3. Nc3 Bg7 4. e4 d6 5. d4 0-0 6. Be2 e5 7. 0-0 Nc6 8. d5 Ne7 9. Ne1 Nd7 10. Nd3 f5 11. f3 f4 12. Bd2 g5 13. Be1 h5 14. a4 a5 15. b4 axb4 16. Nb5 Nf6 17. Bxb4 g4 18. c5 Ra6 19. Rc1 g3 20. Nxc7 Nexd5 21. Nxd5 Nxd5 22. Nxf4 Nxf4 23. Bxa6 gxh2+ 24. Kh1 bxa6 25. cxd6 Bd7 26. Bd2 Ne6 27. Be3 h4 28. Qd5 Rf7 29. Kxh2 Qf6 30. a5 Kh7 31. Rh1 Nf4 32. Qd2 Bh6 33. Kg1 Rg7 34. Rh2 h3 35. g4 Qh4 36. Kh1 Bxg4 37. fxg4 Qxg4 38. Qf2 Ne2 39. Qf5+ Qxf5 40. exf5 Ng3+ 0-1

[Event "SCO-ch 126th"]
[Site "Edinburgh"]
[Date "2019.07.08"]
[Round "3"]
[White "Pritchett, Craig William"]
[Black "Arakhamia Grant, Ketevan"]
[Result "0-1"]
[WhiteElo "2274"]
[BlackElo "2386"]
[PlyCount "110"]
[EventDate "2019.07.06"]
[EventType "swiss"]
[EventRounds "9"]
[EventCountry "SCO"]
[SourceTitle "CBM 191 Extra"]
[Source "ChessBase"]
[SourceDate "2019.09.30"]
[SourceVersion "1"]
[SourceVersionDate "2019.09.30"]
[SourceQuality "1"]

1. e4 c5 2. Nf3 Nc6 3. Bb5 g6 4. 0-0 Bg7 5. Re1 e5 6. Bxc6 dxc6 7. d3 Qe7 8. a3 Nf6 9. h3 Nd7 10. Nc3 Nf8 11. Bg5 f6 12. Bd2 Ne6 13. b4 g5 14. bxc5 h5 15. d4 g4 16. Nh4 Nxd4 17. Ng6 Qxc5 18. Nxh8 Bxh8 19. Rb1 b6 20. Ne2 Qxc2 21. Qxc2 Nxc2 22. Rec1 Nxa3 23. Rb3 Nb5 24. Rxc6 Bd7 25. Rc1 Bg7 26. hxg4 hxg4 27. Be3 Bf8 28. f3 gxf3 29. gxf3 a5 30. Bxb6 a4 31. Rbb1 a3 32. Bc5 a2 33. Ra1 Bh6 34. Rd1 Be6 35. Kf2 Rc8 36. Be3 Bf8 37. Rdc1 Rb8 38. Bc5 Na3 39. Bxf8 Kxf8 40. Nc3 Rb2+ 41. Kg3 Nc2 42. Nd1 Nxa1 43. Nxb2 Nb3 44. Rd1 a1Q 45. Rxa1 Nxa1 46. f4 Ke7 47. fxe5 fxe5 48. Nd3 Kd6 49. Kh4 Nb3 50. Kg5 Nd2 51. Nf2 Bd7 52. Kf6 Bc8 53. Kg5 Kc5 54. Nd3+ Kd4 55. Nxe5 Kxe5 0-1

[Event "SCO-ch 126th"]
[Site "Edinburgh"]
[Date "2019.07.06"]
[Round "1"]
[White "Pritchett, Craig William"]
[Black "Baumanis, Kristaps"]
[Result "1-0"]
[WhiteElo "2274"]
[BlackElo "1779"]
[PlyCount "55"]
[EventDate "2019.07.06"]
[EventType "swiss"]
[EventRounds "9"]
[EventCountry "SCO"]
[SourceTitle "CBM 191 Extra"]
[Source "ChessBase"]
[SourceDate "2019.09.30"]
[SourceVersion "1"]
[SourceVersionDate "2019.09.30"]
[SourceQuality "1"]

1. Nf3 f5 2. b3 Nf6 3. Bb2 d6 4. d4 d5 5. g3 e6 6. Bg2 Be7 7. 0-0 0-0 8. c4 c6 9. Nc3 Ne4 10. e3 Nd7 11. Rc1 Ndf6 12. Ne5 Ng4 13. Nxg4 Nxc3 14. Bxc3 fxg4 15. Qxg4 e5 16. Qe2 e4 17. cxd5 cxd5 18. f3 exf3 19. Rxf3 Rf6 20. Rxf6 Bxf6 21. Qb5 Be6 22. Qxb7 Bf7 23. Bd2 Bg5 24. Rc7 Rb8 25. Qc6 Rb6 26. Qd7 Qxd7 27. Rxd7 Rc6 28. Rxf7 1-0

[Event "Wch Seniors 65 28th"]
[Site "Bled"]
[Date "2018.11.29"]
[Round "11"]
[White "Werner, Clemens"]
[Black "Pritchett, Craig William"]
[Result "1/2-1/2"]
[WhiteElo "2266"]
[BlackElo "2286"]
[PlyCount "35"]
[EventDate "2018.11.18"]
[EventType "swiss"]
[EventRounds "11"]
[EventCountry "SLO"]
[SourceTitle "CBM 187 Extra"]
[Source "ChessBase"]
[SourceDate "2018.11.04"]
[SourceVersion "1"]
[SourceVersionDate "2018.11.04"]
[SourceQuality "1"]

1. e4 c5 2. c3 e6 3. d4 d5 4. exd5 Qxd5 5. Nf3 Nf6 6. Na3 Be7 7. Nb5 Na6 8. Be2 0-0 9. 0-0 cxd4 10. Qxd4 b6 11. Bg5 Bb7 12. Qxd5 Bxd5 13. Rfd1 Rfc8 14. Ne5 Nc5 15. c4 Bb7 16. Be3 Nce4 17. Rac1 a6 18. Nd4 1/2-1/2

[Event "Wch Seniors 65 28th"]
[Site "Bled"]
[Date "2018.11.19"]
[Round "2"]
[White "Pritchett, Craig William"]
[Black "Pastor Alonso de Prado, Emilio Alberto"]
[Result "1/2-1/2"]
[WhiteElo "2286"]
[BlackElo "2102"]
[PlyCount "123"]
[EventDate "2018.11.18"]
[EventType "swiss"]
[EventRounds "11"]
[EventCountry "SLO"]
[SourceTitle "CBM 187 Extra"]
[Source "ChessBase"]
[SourceDate "2018.11.04"]
[SourceVersion "1"]
[SourceVersionDate "2018.11.04"]
[SourceQuality "1"]

1. e4 e5 2. Nf3 Nc6 3. Bb5 d6 4. d4 Bd7 5. Nc3 Nf6 6. 0-0 Be7 7. Re1 exd4 8. Nxd4 0-0 9. Bxc6 bxc6 10. Qf3 c5 11. Nf5 Bxf5 12. Qxf5 Qc8 13. Qxc8 Raxc8 14. e5 dxe5 15. Rxe5 Bd6 16. Re1 Rb8 17. Rb1 Rb4 18. Bg5 Re8 19. Rxe8+ Nxe8 20. Re1 Kf8 21. Bc1 f5 22. b3 Nf6 23. g3 Rb8 24. Kg2 Kf7 25. Kf3 c4 26. Bb2 g5 27. h3 h5 28. Rd1 g4+ 29. hxg4 hxg4+ 30. Kg2 Be5 31. Na4 Bxb2 32. Nxb2 cxb3 33. axb3 Ke6 34. Ra1 Ne4 35. Rxa7 c5 36. Nd3 Kd5 37. Rf7 Ke6 38. Rh7 Ra8 39. Rh6+ Ke7 40. f3 Nf6 41. fxg4 fxg4 42. Rh1 Ra2 43. Re1+ Kd6 44. Re2 Nd5 45. Ne1 Ra1 46. Kh2 Rd1 47. Ng2 Rd4 48. Rf2 c4 49. bxc4 Nb6 50. Ne3 Re4 51. Rf6+ Kc5 52. Ng2 Nxc4 53. Kg1 Re2 54. Rf2 Re4 55. Rf4 Re2 56. Rf2 Re4 57. Rf4 Re2 58. Rxg4 Rxc2 59. Rg8 Kd4 60. Rc8 Ra2 61. g4 Ne5 62. Rf8 1/2-1/2

[Event "GBR-ch 105th"]
[Site "Hull"]
[Date "2018.08.05"]
[Round "9"]
[White "Fernandez, Daniel Howard"]
[Black "Pritchett, Craig William"]
[Result "1-0"]
[WhiteElo "2477"]
[BlackElo "2274"]
[PlyCount "89"]
[EventDate "2018.07.28"]
[EventType "swiss"]
[EventRounds "9"]
[EventCountry "ENG"]
[SourceTitle "CBM 185 Extra"]
[Source "ChessBase"]
[SourceDate "2018.07.29"]
[SourceVersion "1"]
[SourceVersionDate "2018.07.29"]
[SourceQuality "1"]

1. d4 Nf6 2. Nf3 e6 3. Bf4 d5 4. e3 Bd6 5. Bg3 Ne4 6. Nbd2 f5 7. Bh4 Be7 8. Bxe7 Qxe7 9. Ne5 0-0 10. g3 Nd7 11. Nxd7 Bxd7 12. c3 e5 13. Qb3 exd4 14. cxd4 Nxd2 15. Kxd2 Be6 16. Rc1 c6 17. h4 Rac8 18. Qa4 Bd7 19. Bg2 a6 20. Rc3 Be6 21. Rb3 g6 22. Rc1 Rcd8 23. Qa5 Bc8 24. a4 h6 25. Qc5 Qxc5 26. dxc5 d4 27. Rd3 dxe3+ 28. fxe3 Rxd3+ 29. Kxd3 Rd8+ 30. Kc3 Kg7 31. b4 Kf6 32. b5 axb5 33. axb5 cxb5 34. Kb4 Rd3 35. Re1 Rd2 36. Bh1 Rb2+ 37. Ka5 b4 38. Kb6 b3 39. Bxb7 Be6 40. Ba6 Rd2 41. c6 b2 42. c7 Rc2 43. Rb1 Ba2 44. Bc4 Rxc4 45. Rxb2 1-0

[Event "GBR-ch 105th"]
[Site "Hull"]
[Date "2018.07.31"]
[Round "4"]
[White "Pritchett, Craig William"]
[Black "Sugden, John N"]
[Result "1/2-1/2"]
[WhiteElo "2274"]
[BlackElo "2090"]
[PlyCount "147"]
[EventDate "2018.07.28"]
[EventType "swiss"]
[EventRounds "9"]
[EventCountry "ENG"]
[SourceTitle "CBM 185 Extra"]
[Source "ChessBase"]
[SourceDate "2018.07.29"]
[SourceVersion "1"]
[SourceVersionDate "2018.07.29"]
[SourceQuality "1"]

1. Nf3 Nf6 2. c4 e6 3. g3 b6 4. Bg2 Bb7 5. 0-0 Be7 6. Nc3 0-0 7. Re1 d5 8. cxd5 exd5 9. d4 Nbd7 10. e3 c5 11. b3 Ne4 12. Bb2 Ndf6 13. Rc1 cxd4 14. Nxd4 Qd7 15. Re2 Rac8 16. Rec2 Nxc3 17. Bxc3 Ne4 18. Bb2 Bf6 19. Bf3 Rxc2 20. Rxc2 Be7 21. Bg4 f5 22. Be2 a6 23. Qf1 b5 24. Qc1 Rc8 25. Rxc8+ Qxc8 26. Qxc8+ Bxc8 27. f3 Nc5 28. Kf2 Bd7 29. h3 Kf7 30. Ke1 g6 31. Bf1 Bd6 32. Kf2 Ne6 33. Nxe6 Kxe6 34. f4 Bc5 35. Bd3 Kf7 36. a3 h5 37. b4 Bb6 38. Be2 Ke7 39. Bf3 Be6 40. Be5 Kd7 41. Bd1 Ke7 42. Ke2 Bd7 43. Kd3 Be6 44. Bd4 Bd8 45. a4 Bd7 46. a5 Kd6 47. Bf3 Be6 48. Ke2 Kd7 49. Kf2 Be7 50. Bc3 Ke8 51. Be2 Bd7 52. Bd3 Kf7 53. Be2 Bc8 54. Ke1 Bd7 55. Kd2 Ke6 56. Kc2 Kd6 57. Bd4 Kc6 58. Kc3 Bf8 59. Bf3 Be6 60. Be5 Be7 61. Bg2 Bf8 62. Bf1 Be7 63. Bd3 Bf8 64. Bd4 Be7 65. Be2 Bf8 66. Bf3 Be7 67. Kb3 Bf8 68. Bc3 Be7 69. Kc2 Bf8 70. Kd3 Be7 71. Ke2 Kd7 72. Kf2 Ke8 73. Be2 Bd7 74. Bf3 1/2-1/2

[Event "Newcastle on Tyne op"]
[Site "Newcastle on Tyne"]
[Date "2018.02.17"]
[Round "7"]
[White "Pritchett, Craig William"]
[Black "Player, Edmund C"]
[Result "1/2-1/2"]
[WhiteElo "2275"]
[BlackElo "2172"]
[PlyCount "97"]
[EventDate "2018.02.14"]
[EventType "swiss"]
[EventRounds "9"]
[EventCountry "ENG"]
[SourceTitle "EXT 2019"]
[Source "ChessBase"]
[SourceDate "2018.10.10"]
[SourceVersion "1"]
[SourceVersionDate "2018.10.10"]
[SourceQuality "1"]

1. Nf3 d5 2. b3 c5 3. e3 Nc6 4. Bb5 Qb6 5. c4 Bd7 6. Nc3 dxc4 7. bxc4 e6 8. 0-0 Nf6 9. d4 cxd4 10. exd4 Bb4 11. Qb3 0-0 12. Na4 Qa5 13. Rb1 Bd6 14. c5 Be7 15. Nc3 Qc7 16. Bd3 Na5 17. Qc2 b6 18. Ne4 h6 19. Nxf6+ Bxf6 20. Bh7+ Kh8 21. cxb6 Qxc2 22. Bxc2 axb6 23. Rxb6 Nc4 24. Rb4 Rfc8 25. Bd3 Nd6 26. Ne5 Be8 27. a3 Be7 28. Rb1 Kg8 29. Bb2 f6 30. Nf3 Nc4 31. Bxc4 Rxc4 32. Rfc1 Rac8 33. Rxc4 Rxc4 34. Rc1 Rxc1+ 35. Bxc1 Bb5 36. Ne1 Kf7 37. f3 Bd8 38. Kf2 Ba5 39. Nc2 Ba4 40. Nb4 Bxb4 41. axb4 Ke7 42. Ke3 Kd6 43. b5 Bxb5 44. Ba3+ Kd5 45. Bf8 g5 46. Bxh6 e5 47. dxe5 Kxe5 48. h4 Bf1 49. g4 1/2-1/2

[Event "Newcastle on Tyne op"]
[Site "Newcastle on Tyne"]
[Date "2018.02.16"]
[Round "4"]
[White "Bukojemski, Adam"]
[Black "Pritchett, Craig William"]
[Result "1-0"]
[WhiteElo "2222"]
[BlackElo "2275"]
[PlyCount "99"]
[EventDate "2018.02.14"]
[EventType "swiss"]
[EventRounds "9"]
[EventCountry "ENG"]
[SourceTitle "CBM 182 Extra"]
[Source "ChessBase"]
[SourceDate "2018.02.23"]
[SourceVersion "1"]
[SourceVersionDate "2018.02.23"]
[SourceQuality "1"]

1. e4 c5 2. Nf3 e6 3. g3 Nc6 4. Bg2 Nf6 5. Qe2 e5 6. c3 Be7 7. 0-0 0-0 8. d4 cxd4 9. cxd4 exd4 10. e5 Ne8 11. Rd1 Qb6 12. Nbd2 d6 13. Nc4 Qc5 14. Bf4 dxe5 15. Ncxe5 Bf6 16. Nxc6 bxc6 17. Rac1 Qb6 18. Ne5 Ba6 19. Qd2 Rd8 20. Rxc6 Qb5 21. b4 Bxe5 22. Bxe5 Qxe5 23. Rxa6 Qb8 24. Qb2 Nc7 25. Ra5 Rd6 26. Rxd4 Rxd4 27. Qxd4 a6 28. Bf3 Rd8 29. Qe5 Re8 30. Qd6 Re6 31. Qf4 Rf6 32. Qe4 g6 33. a3 Qd8 34. Kg2 Kg7 35. Rc5 Ne6 36. Rd5 Qe7 37. h4 h5 38. Qd3 Qa7 39. Qe3 Qxe3 40. fxe3 Nc7 41. Rc5 Nb5 42. a4 Nd6 43. Rc6 Nf5 44. Kf2 Rd6 45. Rxd6 Nxd6 46. Be2 Ne4+ 47. Kf3 Nc3 48. a5 Nd5 49. Bxa6 Nxb4 50. Bb7 1-0

[Event "Newcastle on Tyne op"]
[Site "Newcastle on Tyne"]
[Date "2018.02.15"]
[Round "2"]
[White "Pritchett, Craig William"]
[Black "Moreby, James"]
[Result "1-0"]
[WhiteElo "2275"]
[BlackElo "2112"]
[PlyCount "43"]
[EventDate "2018.02.14"]
[EventType "swiss"]
[EventRounds "9"]
[EventCountry "ENG"]
[SourceTitle "CBM 182 Extra"]
[Source "ChessBase"]
[SourceDate "2018.02.23"]
[SourceVersion "1"]
[SourceVersionDate "2018.02.23"]
[SourceQuality "1"]

1. Nf3 c5 2. c4 Nc6 3. Nc3 e5 4. e3 Nf6 5. a3 d5 6. cxd5 Nxd5 7. Qc2 Nc7 8. b3 Be7 9. Bb2 f6 10. Ne4 Ne6 11. Ng3 0-0 12. Bd3 g6 13. h4 Bd6 14. h5 f5 15. hxg6 hxg6 16. 0-0-0 Kg7 17. Bxf5 gxf5 18. Nxf5+ Kf7 19. Qe4 Ne7 20. Rh7+ Ke8 21. Nxe7 Bxe7 22. Nxe5 1-0

[Event "GBR-ch 104th"]
[Site "Llandudno"]
[Date "2017.08.01"]
[Round "4"]
[White "Ogunshola, Ben"]
[Black "Pritchett, Craig William"]
[Result "0-1"]
[WhiteElo "2133"]
[BlackElo "2326"]
[PlyCount "116"]
[EventDate "2017.07.29"]
[EventType "swiss"]
[EventRounds "9"]
[EventCountry "WLS"]
[SourceTitle "CBM 179 Extra"]
[Source "ChessBase"]
[SourceDate "2017.08.23"]
[SourceVersion "1"]
[SourceVersionDate "2017.08.23"]
[SourceQuality "1"]

1. c4 Nf6 2. Nf3 c5 3. g3 b6 4. Bg2 Bb7 5. 0-0 e6 6. b3 Be7 7. Bb2 0-0 8. e3 d5 9. Qe2 Nc6 10. Rd1 dxc4 11. bxc4 Qc7 12. d3 a6 13. Nc3 Rab8 14. Rab1 Ba8 15. Ba1 Rfd8 16. Ne1 Na7 17. Bxa8 Rxa8 18. f4 Rab8 19. Nf3 b5 20. Rdc1 b4 21. Nd1 Nc6 22. Nf2 a5 23. g4 a4 24. g5 Ne8 25. Ne4 b3 26. a3 Bf8 27. Kf2 Qd7 28. Rd1 Rb7 29. Bb2 Qc8 30. Rd2 Ne7 31. Rg1 Nf5 32. h4 Ned6 33. Nc3 Qc6 34. Ne5 Qe8 35. Qg4 g6 36. h5 Bg7 37. Ke2 Rc7 38. Rg2 Ra8 39. Rd1 Ra6 40. Rh1 Bh8 41. Rgh2 Raa7 42. Rh3 Rab7 43. Kd2 Ra7 44. R1h2 Rab7 45. Kc1 Ra7 46. Kb1 Rab7 47. Qg2 Ra7 48. Qh1 Rab7 49. Nd1 Qd8 50. Nf2 Bxe5 51. Bxe5 b2 52. hxg6 fxg6 53. Nd1 Nxc4 54. dxc4 Qd3+ 55. Rc2 Qxc2+ 56. Kxc2 b1Q+ 57. Kd2 Rd7+ 58. Ke2 Qd3+ 0-1

[Event "Dundee 150"]
[Site "Dundee"]
[Date "2017.07.23"]
[Round "9"]
[White "Arkell, Keith C"]
[Black "Pritchett, Craig William"]
[Result "1-0"]
[WhiteElo "2424"]
[BlackElo "2326"]
[PlyCount "103"]
[EventDate "2017.07.14"]
[EventType "tourn"]
[EventRounds "9"]
[EventCountry "SCO"]
[EventCategory "8"]
[SourceTitle "CBM 179 Extra"]
[Source "ChessBase"]
[SourceDate "2017.08.23"]
[SourceVersion "1"]
[SourceVersionDate "2017.08.23"]
[SourceQuality "1"]

1. d4 Nf6 2. Nf3 e6 3. c3 c5 4. Bg5 d5 5. e3 Qb6 6. Qc2 Nbd7 7. Nbd2 h6 8. Bxf6 Nxf6 9. Ne5 Bd6 10. f4 Bd7 11. a4 a6 12. Bd3 Qc7 13. 0-0 Bc6 14. Ndf3 0-0 15. a5 Bb5 16. g4 Bxd3 17. Qxd3 Ne4 18. h4 f6 19. Ng6 Rfe8 20. Nd2 c4 21. Qc2 f5 22. Nxe4 dxe4 23. h5 fxg4 24. Qg2 Qf7 25. Qxg4 Qf5 26. Qxf5 exf5 27. Ra4 Rac8 28. Ne5 g5 29. hxg6 Re6 30. Kh2 Kg7 31. Rg1 Bxe5 32. fxe5 Rxg6 33. Rb4 Rc7 34. Rg3 Rg4 35. Rxg4+ fxg4 36. Kg3 h5 37. Kh4 Rf7 38. Rb6 g3 39. Kxg3 Rf3+ 40. Kh4 Rxe3 41. Rxb7+ Kf8 42. Rb6 Rf3 43. Rg6 e3 44. Rg1 Rf2 45. Re1 Rxb2 46. Rxe3 Rb5 47. Kxh5 Rxa5 48. Kg6 Ke7 49. Kf5 Ra1 50. Ke4 Rd1 51. Rh3 a5 52. Kd5 1-0

[Event "Dundee 150"]
[Site "Dundee"]
[Date "2017.07.22"]
[Round "8"]
[White "Pritchett, Craig William"]
[Black "Williams, Simon Kim"]
[Result "0-1"]
[WhiteElo "2326"]
[BlackElo "2442"]
[PlyCount "71"]
[EventDate "2017.07.14"]
[EventType "tourn"]
[EventRounds "9"]
[EventCountry "SCO"]
[EventCategory "8"]
[SourceTitle "CBM 179 Extra"]
[Source "ChessBase"]
[SourceDate "2017.08.23"]
[SourceVersion "1"]
[SourceVersionDate "2017.08.23"]
[SourceQuality "1"]

1. Nf3 Nc6 2. e4 e5 3. Bb5 a6 4. Ba4 g6 5. 0-0 Bg7 6. c3 d6 7. d4 b5 8. Bb3 exd4 9. cxd4 Nf6 10. e5 dxe5 11. dxe5 Qxd1 12. Rxd1 Nd7 13. Bd5 Ndb8 14. Nc3 Be6 15. Be3 b4 16. Ne4 Bxd5 17. Rxd5 Nd7 18. Rc1 Ncxe5 19. Nxe5 Bxe5 20. Rcd1 0-0-0 21. Ng5 Rhf8 22. Bc5 Nxc5 23. Rxd8+ Rxd8 24. Rxd8+ Kxd8 25. Nxf7+ Ke7 26. Nxe5 Kd6 27. Nc4+ Kd5 28. b3 Nd3 29. Kf1 Nc1 30. Ke1 Nxa2 31. Kd2 Kd4 32. f3 Nc3 33. h4 Nb1+ 34. Kc1 Na3 35. Nd2 c5 36. g4 0-1

[Event "Dundee 150"]
[Site "Dundee"]
[Date "2017.07.21"]
[Round "7"]
[White "Pritchett, Craig William"]
[Black "Petr, Martin"]
[Result "0-1"]
[WhiteElo "2326"]
[BlackElo "2486"]
[PlyCount "68"]
[EventDate "2017.07.14"]
[EventType "tourn"]
[EventRounds "9"]
[EventCountry "SCO"]
[EventCategory "8"]
[SourceTitle "CBM 179 Extra"]
[Source "ChessBase"]
[SourceDate "2017.08.23"]
[SourceVersion "1"]
[SourceVersionDate "2017.08.23"]
[SourceQuality "1"]

1. e4 e6 2. d4 d5 3. Nc3 Nf6 4. e5 Nfd7 5. f4 c5 6. Nf3 Be7 7. Be3 b6 8. Qd2 Nc6 9. 0-0-0 c4 10. f5 b5 11. Bg5 b4 12. Nb5 0-0 13. Bxe7 Qxe7 14. fxe6 fxe6 15. Qg5 Rb8 16. Nd6 Nb6 17. Qxe7 Nxe7 18. Ng5 Bd7 19. Be2 h6 20. Nh3 c3 21. b3 Nbc8 22. Nxc8 Rbxc8 23. Rhf1 Rxf1 24. Rxf1 Nf5 25. Rd1 Rf8 26. Bf3 Nh4 27. Ng1 g5 28. h3 Kg7 29. Rf1 Bb5 30. Rd1 Nxf3 31. gxf3 Rf4 32. a3 a5 33. axb4 axb4 34. Kb1 Kg6 0-1

[Event "Dundee 150"]
[Site "Dundee"]
[Date "2017.07.15"]
[Round "2"]
[White "Rozentalis, Eduardas"]
[Black "Pritchett, Craig William"]
[Result "1-0"]
[WhiteElo "2509"]
[BlackElo "2326"]
[PlyCount "71"]
[EventDate "2017.07.14"]
[EventType "tourn"]
[EventRounds "9"]
[EventCountry "SCO"]
[EventCategory "8"]
[SourceTitle "CBM 179 Extra"]
[Source "ChessBase"]
[SourceDate "2017.08.23"]
[SourceVersion "1"]
[SourceVersionDate "2017.08.23"]
[SourceQuality "1"]

1. e4 c5 2. Nf3 e6 3. g3 Nc6 4. Bg2 Nf6 5. Qe2 Qc7 6. 0-0 Be7 7. c3 d5 8. e5 Nd7 9. d4 b6 10. Na3 h6 11. h4 Bb7 12. Nb5 Qb8 13. Bf4 Ba6 14. Nd6+ Qxd6 15. Qxa6 Qc7 16. Qe2 c4 17. h5 b5 18. Nh2 Nb6 19. Qg4 Kd7 20. b3 Rag8 21. a4 Na5 22. b4 Nb3 23. a5 Na4 24. Rxa4 bxa4 25. Bxd5 g5 26. Bc1 Ke8 27. Bg2 Qd7 28. Qe2 Qb5 29. Ng4 Kd7 30. Bb2 Rc8 31. Rd1 a3 32. Bxa3 Qa4 33. Bb2 Ke8 34. d5 exd5 35. Bxd5 Kf8 36. Qf3 1-0